000
00282nam a22001097a 4500
082
_a
629.8323 CHE'S
100
_a
MAYER, R. W ,CHESTUT, H
_9
57283
245
_a
SVEROMECHANISMS AND REGULATING SYSTEM DESIGN
260
_a
NEWYORK
_b
JOHN WILEY
_c
1955
300
_a
VOL-II
942
_c
BK
999
_c
567578
_d
567578